On This Day: May 7th II Quiz Stats

 Plays Quiz Updated May 7, 2018

Challenge
Share
Tweet
Embed
Score 0/7 Timer 03:00
0 Plays Today
Question Answer Wrong Answers
This Russian composer and educator, know for his ballets ‘Swan Lake’ and ‘The Nutcracker’, is born.
1840
Pyotr Ilyich Tchaikovsky
96.4%
Ludwig van Beethoven
1.2%
Johannes Brahms
0.9%
Johann Sebastian Bach
1.5%
This iconic painting by Edvard Munch is recovered undamaged after being stolen from the National Gallery of Norway earlier in the year.
1994
The Scream
86.9%
The Starry Night
6.2%
The Birth of Venus
3.4%
The Son of Man
2%
With opposition from Britain and the US, Japan delivers a revised ‘Twenty-One Demands’ ultimatum to this country, seeking greater control of Manchuria among other considerations.
1915
China
83.5%
Philippines
4.3%
Soviet Union
6.7%
Korea
5%
Pope John Paul II travels to Romania, becoming the first pope to visit a predominantly ______ country since the Great Schism in 1054.
1999
Eastern Orthodox
79%
Muslim
15.6%
Pentecostal
2.4%
Mormon
1.3%
Tokyo Telecommunications Engineering, later renamed this, is founded with around 20 employees.
1946
Sony
70.7%
Canon
1.2%
Nintendo
9.4%
Samsung
17.1%
The ______ Condor Legion, equipped with Heinkel He 51 biplanes, arrives in Spain to assist Francisco Franco's forces in the Spanish Civil War.
1937
German
69.9%
Italian
18.3%
Greek
4%
Hungarian
6.9%
General Alfred Jodl signs unconditional surrender terms at Reims, ______, ending Germany's participation in WWII. The document takes effect the next day.
1945
France
57.2%
Belgium
16.6%
Switzerland
12.3%
Austria
12.6%

You're not logged in!

Compare scores with friends on all Sporcle quizzes.
OR
Log In

You Might Also Like...

Show Comments

Extras

Top Quizzes Today


Score Distribution

Your Account Isn't Verified!

In order to create a playlist on Sporcle, you need to verify the email address you used during registration. Go to your Sporcle Settings to finish the process.

Report this User

Report this user for behavior that violates our Community Guidelines.

Details: